Tous les monstres DQMJ2 - Statistiques

Statistiques générales
  • Ce quiz a été pris 6 fois
  • Le résultat moyen est 164 sur 309
Statistiques - réponses
Famille, rang, habitat Réponse % Correct
Démon F Inconnu Clindoeil
100%
Bête F Prairia Faune
100%
Démon F L'Arbirynthe Glanclan
100%
Gluant F L'Arbirynthe etc. Gluant
100%
Gluant D Inconnu Gluant de métal
100%
Gluant F Prairia Médigluant
100%
Matière A Inconnu Mi
100%
Bête S Inconnu Mister taupe
100%
Bête F Prairia Pataupe
100%
Matière E Prairia Rochexplosif
100%
Naturel C L'Arbirynthe etc. Smilodon
100%
Naturel E L'Arbirynthe Smilodon de lait
100%
Démon F L'Arbirynthe etc. Vampivol
100%
Naturel D L'Arbirynthe Vercule
100%
Naturel F L'Arbirynthe Agressaim
83%
Bête C Prairia Ailéopard
83%
Bête S Ténébria Atlas
83%
Matière D Archéopolis Canniboîte
83%
Zombie D Inconnu Cercoeil
83%
Naturel E Avablanche Chagriffeur
83%
Démon E L'Arbirynthe Chasseur de têtes
83%
Naturel E Prairia Chimère
83%
Naturel C Prairia etc. Condor infernal
83%
Démon D Escarpic Diable dansant
83%
Démon E Avablanche etc. Diablotin
83%
Dragon S Inconnu Dragon noir
83%
Dragon D Engloutîle Dragon vert
83%
Zombie C Ténébria Ecoeil
83%
Matière X Inconnu Estark
83%
Zombie F Prairia Fantôme
83%
Zombie F Inconnu Feu follet
83%
Naturel F L'Arbirynthe Frelon de l'enfer
83%
Dragon F Avablanche Fri-fri
83%
Dragon B Avablanche Frou-frou
83%
Bête A Avablanche etc. Géant
83%
Gluant F Inconnu Gluanbulle
83%
Gluant E Avablanche etc. Gluant de crin
83%
Gluant C Inconnu Gluant de mercure
83%
Gluant E Inconnu Gluante
83%
Matière C Archéopolis Golem
83%
Démon E L'Arbirynthe Gourou bouh
83%
Dragon B Ténébria Grand lézard argon
83%
Démon C Prairia Grand vampivol
83%
Gluant C Engloutîle Guérigluant
83%
Matière B Nécropolis etc. Imitapeur
83%
Dragon F Prairia Komodor
83%
Matière S Inconnu Machine à exterminer
83%
Matière A Ténébria Machine à tuer
83%
Zombie F L'Arbirynthe Main de boue
83%
Matière C Archéopolis Mécachasseur
83%
Zombie C Archéopolis etc. Mort-vivant
83%
Bête B Avablanche Nhé
83%
Matière F L'Arbirynthe Pantin de boue
83%
Gluant C Inconnu Roi gluant
83%
Gluant S Inconnu Roi gluant de métal
83%
Gluant B Inconnu Roi guérigluant
83%
Matière X Inconnu Sagitaure
83%
Bête D Ténébria Sanguini vache
83%
Démon A Nécropolis Shivattak
83%
Zombie F L'Arbirynthe Souche louche
83%
Bête B Inconnu Taupe-toc
83%
Gluant C Ténébria Aggluantin
67%
Bête B Nécropolis Aiglefeu
67%
Bête E Prairia Altérapace
67%
Zombie C Archéopolis Armure errante
67%
Démon B Nécropolis etc. Armure fatale
67%
Incarnatus ? Inconnu As de pique
67%
Bête S Inconnu Bastonnier
67%
Bête E Inconnu Bélicorne
67%
Bête A Ténébria Belzébik
67%
Démon F L'Arbirynthe Bisebave
67%
Zombie C Engloutîle etc. Boa constrictos
67%
Matière S Inconnu Boîte à pièges
67%
Matière E Escarpic etc. Brûleflamme
67%
Naturel S Engloutîle Calmaroi
67%
Zombie F L'Arbirynthe Champigoule
67%
Démon B L'Arbirynthe etc. Chef troll
67%
Zombie D Inconnu Chien de l'enfer
67%
Gluant C Archéopolis Cybergluant
67%
Démon D Escarpic Démon inférieur
67%
Démon A Inconnu Dhurian
67%
Matière A Inconnu Dis
67%
Dragon E Engloutîle Dracorne
67%
Dragon S Inconnu Draculard
67%
Dragon B Nécropolis Dracularge
67%
Dragon S Inconnu Dragon d'albâtre
67%
Dragon X Inconnu Dragon du Zénith
67%
Dragon D Ténébria Dragon rouge
67%
Naturel C Engloutîle Ecrevicieux
67%
Naturel A Escarpic Empyréa
67%
Zombie B Nécopolis etc. Epéiste fantôme
67%
Gluant D Engloutîle Escargluant
67%
Zombie D Engloutîle etc. Escrimeur fantôme
67%
Démon E L'Arbirynthe Face de crapaud
67%
Gluant F Inconnu Feuillu
67%
Bête C Archéopolis etc. Gargouille
67%
Démon A Ténébria Gémon
67%
Gluant D Ténébria Gigluant
67%
Gluant D Inconnu Gigluante
67%
Matière D Escarpic Glaglator
67%
Gluant E Engloutîle Gluanbulot
67%
Gluant E Archéopolis etc. Gluancornu
67%
Gluant X Inconnu Gluandor
67%
Gluant C Escarpic Gluandragon
67%
Gluant D Escarpic Gluangélique
67%
Gluant A Ténébria Gluanpereur de métal
67%
Matière D Inconnu Golem d'or
67%
Matière B Inconnu Gon
67%
Naturel F L'Arbirynthe Gourdéchaîné
67%
Dragon A Ténébria Grand dragon
67%
Gluant F Inconnu Groeuf
67%
Dragon C Archéopolis etc. Hachosaure
67%
Démon B Inconnu Jamirus
67%
Incarnatus ? Inconnu Joker
67%
Natuel S Inconnu Khalamar
67%
Naturel D Engloutîle Khalamarmot
67%
Dragon F Ténébria Lézard Argon
67%
Naturel E Avablanche Lièvrecorne
67%
Matière B Nécropolis Magmasse
67%
Matière F Inconnu Maransac
67%
Dragon A Inconnu Mécadragon
67%
Gluant B Nécropolis etc. Monte-vampigluant
67%
Bête F Prairia Ornithox
67%
Matière X Inconnu Psaro
67%
Bête E Avablanche Rapaglace
67%
Naturel C Engloutîle Requindrupède
67%
Dragon E Inconnu Saint-berneur
67%
Matière A Inconnu Sal
67%
Matière S Inconnu Salmigondis
67%
Bête B Ténébria Sanguini rose
67%
Bête B Inconnu Sanguini vache X
67%
Naturel F L'Arbirynthe Scarapince
67%
Naturel D Escarpic Scorpion
67%
Dragon B Escarpic Serpenlair
67%
Dragon E Inconnu Serpolaire
67%
Démon D Escarpic Silvapithèque
67%
Gluant D Escarpic etc. Slurpierre
67%
Zombie B Nécropolis Soldat squelette
67%
Matière F Prairia Spitnik
67%
Zombie D Engloutîle etc. Squelette
67%
Matière A Archéopolis etc. Statue vivante
67%
Matière X Ténébria Trauminator
67%
Gluant B Escarpic etc. vampigluant
67%
Dragon X Inconnu Xenlon
67%
Dragon B Inconnu Abyssaure
50%
Incarnatus ? Inconnu Akaro
50%
Incarnatus ? Inconnu Akoeur
50%
Naturel A Ténébria Aligatueur
50%
Incarnatus ? Inconnu Apik
50%
Dragon D Engloutîle Aquasaure
50%
Bête C Archéopolis Archer vert
50%
Démon B Nécropolis Archidémon
50%
Incarnatus ? Inconnu Atoukaro
50%
Incarnatus ? Inconnu Atoukoeur
50%
Incarnatus ? Inconnu Atoupik
50%
Incarnatus ? Inconnu Atoutrefle
50%
Incarnatus ? Inconnu Atrefle
50%
Naturel C Engloutîle Barracuda
50%
Démon F Engloutîle Bigloeil
50%
Matière F Inconnu Brûlegel
50%
Gluant S Inconnu Canzer
50%
Zombie S Inconnu Capitaine Crow
50%
Démon C Inconnu Cimetueur
50%
Naturel D Engloutîle Crabarbare
50%
Naturel A Archéopolis etc. Dangerose
50%
Démon D Inconnu Démon du dessert
50%
Matière E Inconnu Dingo-dong
50%
Dragon C Ténébria Dragon de métal
50%
Bête D Escarpic Empereur nocturne
50%
Bête A Inconnu Encorneur
50%
Naturel A Ténébria Epinéa
50%
Démon C Engloutîle Garde octavien
50%
Gluant S Inconnu Gluancien
50%
Gluant C Inconnu Gluant X
50%
Naturel X Inconnu Grand oiseau céleste
50%
Démon C Nécropolis Griffon
50%
Matière E L'Arbirynthe Grimasque
50%
Zombie B Ténébria Grouillâme
50%
Dragon X Inconnu Hydragon
50%
Démon S Inconnu Kaos
50%
Bête F Avablanche Marteleur
50%
Zombie E Archéopolis Momignon
50%
Gluant S Inconnu Monte-gluancien
50%
Gluant D Inconnu Monte-gluant
50%
Gluant D Inconnu Monte-gluant de métal
50%
Bête D Inconnu Mousquetueur
50%
Démon X Inconnu Nokturnus
50%
Matière D Avablanche etc. Ombre
50%
Démon A Ténébria Pazuzu
50%
Naturel F Inconnu Piperaduo
50%
Incarnatus X Inconnu Rhapthorne
50%
Incarnatus X Inconnu Rhapthorne II
50%
Incarnatus ? Inconnu Rigor Mortex
50%
Gluant A Ténébria Roi gluanbulle
50%
Zombie A Inconnu Rosegarde
50%
Matière D Escarpic etc. Rouage-gorge
50%
Matière C Engloutîle Royalgue
50%
Matière S Inconnu Ruine
50%
Matière E Archéopolis etc. Sacatrésor
50%
Naturel E Prairia Sanglimer
50%
Dragon X Inconnu Seigneur Dragovien
50%
Gluant A Inconnu Superslurp
50%
Matière F Ténébria Tristecire
50%
Dragon B Nécropolis Tyrantosaure
50%
Incarnatus X Inconnu Zoma
50%
Zombie A Inconnu Ame en peine
33%
Zombie A Inconnu Baron d'os
33%
Dragon D Escarpic Butanosaure
33%
Bête E Inconnu Canidémon
33%
Zombie B Inconnu Capitenace
33%
Zombie E Inconnu Cavale-démon
33%
Zombie B Archéopolis Cavalier fantôme
33%
Démon C Engloutîle Charpiranha
33%
Naturel C Inconnu Chimère X
33%
Démon D Inconnu Cyclomage
33%
Bête A Ténébria Dorsalam
33%
Dragon D Inconnu Dragonflé
33%
Dragon D Escarpic etc. Dragos
33%
Dragon F Inconnu Dragronce
33%
Dragon A Ténébria Duellis
33%
Dragon E Ténébria Epironce
33%
Naturel A Inconnu Faucondor
33%
Gluant B Inconnu Feuilluberlu
33%
Naturel F Inconnu Furibombyx
33%
Dragon C Inconnu Gazosaure
33%
Gluant S Inconnu Gluant ténérium
33%
Gluant S Inconnu Gluant XY
33%
Zombie A Inconnu Hurlherbe
33%
Bête A Ténébria Lord Lionel
33%
Dragon S Inconnu Lordraco
33%
Dragon X Inconnu Lordragon
33%
Incarnatus ? Inconnu Lyonix
33%
Naturel D Engloutîle Malicongre
33%
Démon S Inconnu Malroth
33%
Bête D Inconnu Martebrun
33%
Dragon B Inconnu Mégalodon
33%
Bête C Ténébria Meno macho
33%
Démon S Inconnu Meurtor
33%
Gluant B Inconnu Monstruoeuf
33%
Incarnatus X Inconnu Mortamor
33%
Zombie D Inconnu Mouchomme
33%
Matière D Inconnu Mutancre
33%
Gluant S Inconnu Nemeslurp
33%
Incarnatus X Inconnu Nimzo
33%
Bête D Inconnu Orque
33%
Naturel D Inconnu Puce tule
33%
Bête A Inconnu Sangliogre
33%
Naturel B Ténébria Scarablindé
33%
Naturel S Inconnu Scarabrute
33%
Bête C Enhgloutîle Sirénien
33%
Gluant B Inconnu Sorciglu
33%
Démon E Inconnu Sorcimol
33%
Zombie A Escarpic etc. Tarentueur
33%
Naturel E Inconnu Taurapace
33%
Bête D Inconnu Tigriff
33%
Naturel X Inconnu Trode
33%
Gluant A Inconnu Typhonia
33%
Bête E Inconnu Yéti yétu
33%
Bête X Inconnu Adverso
17%
Démon S Inconnu Baramos
17%
Dragon X Inconnu Barbarus
17%
Démon A Inconnu Bataglan
17%
Démon A Inconnu Bélial
17%
Bête C Ténébria Carnigore
17%
Démon C Inconnu Chaperonde
17%
Démon S Inconnu Chaperon vert
17%
Natuel S Inconnu Chimère XY
17%
Bête B Inconnu Cocoricoq
17%
Gluant D Inconnu Dangeleux
17%
Zombie S Inconnu Décapitête
17%
Dragon C Inconnu Dragon marin
17%
Dragon B Inconnu Dragon vert X
17%
Dragon S Inconnu Dragon vert XY
17%
Zombie X Inconnu Dr.Rebelote
17%
Zombie A Ténébria Exorsus
17%
Démon C Inconnu Glanclan X
17%
Démon S Inconnu Glanclan XY
17%
Gluant E Inconnu Gluant moucheté
17%
Naturel B Ténébria Gorerille
17%
Dragon X Inconnu Grizius
17%
Dragon C Inconnu Hiipocampik
17%
Naturel X Inconnu Léopold
17%
Zombie E Prairia Mallusque
17%
Matière C Ténébria Marionnettiste
17%
Bête C Inconnu Monstromasque
17%
Démon A Ténébria Mortella
17%
Démon D Inconnu Nakunoeil
17%
Naturel X Inconnu Numen
17%
Incarnatus X Inconnu Orgodémir
17%
Démon B Inconnu Prêtre damné
17%
Démon X Inconnu Prince des voleurs
17%
Naturel A Inconnu Rase-marée
17%
Zombie S Inconnu Roi maudit
17%
Matière C Inconnu Sacatrésor X
17%
Matière S Inconnu Sacatrésor XY
17%
Zombie B Nécropolis Seigneur malheur
17%
Zombie A Ténébria Seigneur terreur
17%
Zombie B Inconnu Squelette X
17%
Zombie S Inconnu Squelette XY
17%
Zombie E Inconnu Traumallusque
17%
Naturel C Inconnu Tronc-bine
17%
Zombie E Inconnu Bottoeil
0%
Naturel B Inconnu Corbarbac
0%
Bête S Inconnu Dhoulmagus
0%
Bête X Inconnu Doudouleur
0%
Démon A Inconnu Gracos
0%
Matière C Inconnu Lampféroce
0%
Naturel B Inconnu Phalène géante
0%
Matière A Inconnu Phix
0%
Aucun quiz correspondant
Distribution des résultats
% des personnes avec chaque résultat
Percentile par nombre de réponses
Votre historique - résultats
Vous n’avez pas pris ce quiz